Welcome to the Holygrace Academy Library

Please use search bar below to get started

RASAKARAMAYA UDHARANIKAL (Record no. 1033)

MARC details
000 -LEADER
fixed length control field 00267nam a22001217a 4500
082 ## - DEWEY DECIMAL CLASSIFICATION NUMBER
Classification number 894.812
Item number EMM/R
100 ## - MAIN ENTRY--AUTHOR NAME
Personal name GEORGE IMMATTY
245 ## - TITLE STATEMENT
Title RASAKARAMAYA UDHARANIKAL
260 ## - PUBLICATION, DISTRIBUTION, ETC. (IMPRINT)
Place of publication THRISSUR
Name of publisher H & C PUBLISHING
Year of publication 2005
300 ## - PHYSICAL DESCRIPTION
Number of Pages 112
650 ## - SUBJECT ADDED ENTRY--TOPICAL TERM
Geographic subdivision KERALA
942 ## - ADDED ENTRY ELEMENTS (KOHA)
Koha item type Books
Holdings
Withdrawn status Lost status Collection code Home library Current library Shelving location Date acquired Source of acquisition Cost, normal purchase price Full call number Accession Number Koha item type
    Reference Main Library Main Library   25/03/2015 purchase 10.00 894.812 EMM/R 09611 Books
    Reference Main Library Main Library   25/03/2015 purchase 10.00 894.812 EMM/R 09610 Books